000 00330nam a2200133Ia 4500
005 20251222141939.0
008 251222s9999||||xx |||||||||||||| ||spa||
020 _a8495163322
082 _a342.46/F96
245 0 _aDerechos Históricos y Constitucionalismo Útil
250 _a1ra. ed.
264 _bFundación BBV
942 _cLIB
999 _c9304
_d9304